00367nam a2200145Ia 4500008004100000020001500041041001200056082001600068100001600084245006400100250000800164260002500172300000800197650001600205221030s9999 xx 000 0 und d a8120309855 aEnglish a105.23bToc aR. J. Tocci 0aDigital Systems - Principles & Applicationscby R. J. Tocci a6th bPHIaNew Delhic2000 a827 aBE Computer